|
|
|
|
| LEADER |
00909nam a2200241 a 4500 |
| 001 |
2440901 |
| 008 |
880222s1987 sz a 000 0 eng d |
| 010 |
|
|
|a 88113361
|
| 020 |
|
|
|a 9241561041
|
| 040 |
|
|
|a DLC
|c DLC
|d DLC
|
| 082 |
0 |
0 |
|a 331.48161
|2 19
|
| 100 |
1 |
|
|a Pizurki, Helena.
|
| 245 |
0 |
0 |
|a Women as providers of health care /
|c Helena Pizurki ... [et al.].
|
| 260 |
|
|
|a Geneva :
|b World Health Organization ;
|a Albany, NY :
|b WHO Publications Center USA [distributor],
|c 1987.
|
| 300 |
|
|
|a 163 p. :
|b ill. ;
|c 24 cm.
|
| 541 |
1 |
|
|e 00005463
|
| 700 |
1 |
|
|a Mejia, Alfonso
|
| 650 |
|
0 |
|a Women in medicine.
|
| 650 |
|
0 |
|a Medical personnel.
|
| 650 |
|
0 |
|a Health planning.
|
| 852 |
4 |
|
|a Ayesha Abed Library
|j General Shelf.
|
| 999 |
|
|
|c 4368
|d 4368
|
| 952 |
|
|
|0 0
|1 0
|2 ddc
|4 0
|6 331_481610000000000_WOM_1987
|7 0
|9 4060
|a BRACUL
|b BRACUL
|c GEN
|d 2009-10-10
|g 250.00
|l 0
|o 331.48161 WOM
|p 3010005463
|r 2009-10-10
|t 1
|v 500.00
|w 2009-10-10
|y BK
|